000 00220nam a2200085Ia 4500
245 0 _aNew book of herbs
100 _a McVICAR, Jekka London, 2004
_989226
942 _cBK
008 210825s9999 xx 000 0 und d
999 _c502523
_d502522